Creating shared resilience : (Record no. 55495)
[ view plain ]
| 000 -LEADER | |
|---|---|
| fixed length control field | 00945nam a22002177a 4500 |
| 005 - DATE AND TIME OF LATEST TRANSACTION | |
| control field | 20260311143745.0 |
| 008 - FIXED-LENGTH DATA ELEMENTS--GENERAL INFORMATION | |
| fixed length control field | 260311b |||||||| |||| 00| 0 eng d |
| 020 ## - INTERNATIONAL STANDARD BOOK NUMBER | |
| International Standard Book Number | 9781783687916 |
| 040 ## - CATALOGING SOURCE | |
| Original cataloging agency | bsop |
| 100 ## - MAIN ENTRY--PERSONAL NAME | |
| Personal name | Boan, David M. (David Michael) |
| 245 ## - TITLE STATEMENT | |
| Title | Creating shared resilience : |
| Remainder of title | the role of the church in a hopeful future / |
| Statement of responsibility, etc | David M Boan., Josh Ayers |
| 264 ## - PRODUCTION, PUBLICATION, DISTRIBUTION, MANUFACTURE STATEMENTS | |
| Place of production, publication, distribution, manufacture | Carlisle, UK : |
| Name of producer, publisher, distributor, manufacturer | <a href=" Langham Global Library,"> Langham Global Library,</a> |
| Date of production, publication, distribution, manufacture | c2020. |
| 300 ## - PHYSICAL DESCRIPTION | |
| Extent | xviii, 131 pages ; |
| Dimensions | 23 cm |
| 336 ## - CONTENT TYPE | |
| Content Type Term | text |
| 337 ## - MEDIA TYPE | |
| Media Type Term | unmediated |
| 338 ## - CARRIER TYPE | |
| Carrier Type Term | volume |
| 505 0# - FORMATTED CONTENTS NOTE | |
| Formatted contents note | Intro -- Foreword -- Preface by David M. Boan -- Preface by Josh Ayers -- Introduction -- 1 What Is Resilience? -- 2 Theological Models -- 3 Shared Resilience -- 4 Application -- 5 Stories of Shared Resilience -- 6 Conclusions -- Appendix A -- Appendix B -- Appendix C -- Bibliography -- Index |
| 650 ## - SUBJECT ADDED ENTRY--TOPICAL TERM | |
| Topical term or geographic name as entry element | Church work with disaster victims |
| 700 ## - ADDED ENTRY--PERSONAL NAME | |
| Personal name | Ayers, Josh |
| 942 ## - ADDED ENTRY ELEMENTS (KOHA) | |
| Source of classification or shelving scheme | Library of Congress Classification |
| Item type | Books |
| Withdrawn status | Lost status | Source of classification or shelving scheme | Damaged status | Not for loan | Home library | Current library | Shelving location | Date acquired | Source of acquisition | Inventory number | Total Checkouts | Full call number | Barcode | Date last seen | Price effective from | Koha item type |
|---|---|---|---|---|---|---|---|---|---|---|---|---|---|---|---|---|
| Library of Congress Classification | BSOP Library | BSOP Library | GC | 03/11/2026 | Langham | 50478 | HV554.4 B63 2020 | 00062985 | 03/11/2026 | 03/11/2026 | Books |
